000 00533nam a2200229Ia 4500
003 OSt
005 20220912153049.0
006 a|||||r|||| 00| 0
007 ta
008 220909b |||||||| |||| 00| 0 eng d
024 _a22775
037 _cTextual
040 _aCSL
_beng
_cCSL
041 _aeng
082 _aB331, K9
100 _aSpain Barry
245 0 _aOrdinary differential equations
260 _c1969
300 _ap.
_ccm.
942 _hB331, K9
_cTEXL
_2CC
999 _c97540
_d97540